| 000 | 00615nam a22002177a 4500 | ||
|---|---|---|---|
| 003 | UA-OsUOA | ||
| 001 | 822 | ||
| 007 | ta | ||
| 008 | 20050706b un ||||| |||| 00| 0 ukr d | ||
| 090 |
_a291.13+398+82.09 _bМ68 |
||
| 942 | _cBK | ||
| 040 |
_aUA-OsUOA _brus _cUA-OsUOA _dUA-OsUOA |
||
| 245 |
_aМиф - фольклор - литература _cред. В. Г. Базанов и др. |
||
| 300 | _a248 с. | ||
| 955 | _a1 | ||
| 041 | _arus | ||
| 080 | _a291.13+398+82.09 | ||
| 260 |
_aЛенинград _bНаука _c1978 |
||
| 650 | 7 |
_a29 Нехристиянські релігії _2UDC |
|
| 999 |
_c286989 _d286989 |
||